[Event "AUTO-ADV-1331"]
[Site "http://www.queenalice.com/game.php?id=756659"]
[Date "2010.4.5"]
[Round "2"]
[White "aormic"]
[Black "d2d4"]
[Result "1-0"]
[WhiteElo "2267"]
[BlackElo "1928"]

1. e4 d6 2. d4 Nf6 3. Nc3 g6 4. Bg5 Bg7 5. Qd2 h5 6. Nf3 Bg4 7. Be2 O-O 8. h3
Bxf3 9. Bxf3 e5 10. d5 Nbd7 11. g4 Qc8 12. gxh5 Nxh5 13. Bxh5 gxh5 14. Bh6 Kh7
15. Bxg7 Kxg7 16. Qg5+ 1-0

[Event "AUTO-ADV-1331"]
[Site "http://www.queenalice.com/game.php?id=756660"]
[Date "2010.4.5"]
[Round "2"]
[White "d2d4"]
[Black "aormic"]
[Result "0-1"]
[WhiteElo "1872"]
[BlackElo "2320"]

1. Nf3 d5 2. d4 Nf6 3. Bf4 c5 4. dxc5 Na6 5. e3 Nxc5 6. Be2 e6 7. Nc3 Be7 8. O-O
O-O 9. Ne5 Bd7 10. Nxd7 Ncxd7 11. Bd3 a6 12. Nb1 Rc8 13. Nd2 h6 14. c3 e5 15.
Bg3 Rc6 16. Be2 b5 17. Nf3 Bd6 18. a4 b4 19. cxb4 Bxb4 20. Nxe5 Nxe5 21. Bxe5
Ne4 0-1

[Event "Challenge"]
[Site "http://www.queenalice.com/game.php?id=1091009"]
[Date "2012.8.7"]
[Round "-"]
[White "wermon"]
[Black "d2d4"]
[Result "1-0"]
[WhiteElo "1981"]
[BlackElo "1892"]

1. e4 d6 2. d4 Nf6 3. Nc3 g6 4. f4 Bg7 5. Nf3 O-O 6. Bd3 Bg4 7. O-O Nc6 8. Be3
e5 9. fxe5 dxe5 10. d5 Ne7 11. Ne2 c6 12. c4 Qc7 13. Nc3 b6 14. b4 a5 15. a3 Nd7
16. Be2 cxd5 17. Nxd5 Nxd5 18. cxd5 Qd6 19. Qd2 Nf6 20. Bd3 a4 21. Rfc1 Rfc8 22.
Rxc8+ Rxc8 23. Rc1 Rc7 24. Qd1 Bd7 25. Nd2 b5 26. Nb1 Ng4 27. Bc5 Qa6 28. Nc3
Bh6 29. Rc2 Qb7 30. Qf3 Bf8 31. d6 Rc8 32. h3 Nh6 33. Qe2 1-0

[Event "AUTO-ADV-2584"]
[Site "http://www.queenalice.com/game.php?id=1091222"]
[Date "2012.8.7"]
[Round "1"]
[White "Rouletabosse"]
[Black "d2d4"]
[Result "0-1"]
[WhiteElo "1502"]
[BlackElo "1865"]

1. Nf3 d5 2. d4 Nf6 3. h3 g6 4. a3 Bg7 5. Bf4 O-O 6. e3 c5 7. c4 cxd4 8. Nxd4
Nbd7 9. cxd5 Nxd5 10. Bh2 Qb6 11. Qd2 N7f6 12. Be2 Bd7 13. O-O Rfe8 14. Nc3 Nxc3
15. Qxc3 Rac8 16. Qb3 Qxb3 17. Nxb3 Rc2 18. Bf3 Rxb2 19. Nd4 e5 0-1

[Event "AUTO-ADV-2584"]
[Site "http://www.queenalice.com/game.php?id=1091223"]
[Date "2012.8.7"]
[Round "1"]
[White "d2d4"]
[Black "Rouletabosse"]
[Result "1/2-1/2"]
[WhiteElo "1866"]
[BlackElo "1853"]

1. Nf3 Nf6 2. c4 e6 3. Nc3 d5 4. d4 a6 5. Bg5 Be7 6. e3 dxc4 7. Bxc4 Nbd7 8. O-O
b5 9. Bd3 Bb7 10. Rc1 c5 11. dxc5 Nxc5 12. Be2 Qxd1 13. Rfxd1 O-O 14. b4 Nce4
15. Nxe4 Bxe4 16. h3 1/2-1/2

[Event "AUTO-ADV-2584"]
[Site "http://www.queenalice.com/game.php?id=1091234"]
[Date "2012.8.7"]
[Round "1"]
[White "talisman77"]
[Black "d2d4"]
[Result "0-1"]
[WhiteElo "1861"]
[BlackElo "1869"]

1. d4 Nf6 2. c4 c5 3. Nc3 cxd4 4. Qxd4 Nc6 5. Qd1 g6 6. Nf3 Bg7 7. e4 d6 8. Bg5
O-O 9. Be2 a6 10. Qb3 Qa5 11. O-O Rb8 12. Bf4 Bd7 13. Rfd1 b5 14. cxb5 axb5 15.
Nxb5 Be6 16. Qc2 Rxb5 17. Qxc6 Rxb2 18. Nd4 Rc8 19. Bd2 Rxd2 20. Qb5 Qxb5 21.
Bxb5 Rxa2 22. Rxa2 Bxa2 23. h3 Nxe4 24. Re1 Bxd4 25. Rxe4 Rc1+ 26. Kh2 Bxf2 27.
Rxe7 d5 28. Re2 Bg1+ 29. Kg3 Bc4 30. Re8+ Kg7 31. Rc8 Be3 32. Kf3 Bh6 33. Kg3
Bxb5 34. Rxc1 Bxc1 0-1

[Event "AUTO-ADV-2584"]
[Site "http://www.queenalice.com/game.php?id=1091235"]
[Date "2012.8.7"]
[Round "1"]
[White "d2d4"]
[Black "talisman77"]
[Result "1-0"]
[WhiteElo "1885"]
[BlackElo "1821"]

1. Nf3 d5 2. d4 Nf6 3. c4 dxc4 4. Qa4+ c6 5. Qxc4 e6 6. g3 Be7 7. Nc3 O-O 8. Bg2
Nbd7 9. O-O Nb6 10. Qb3 Nbd5 11. Ne5 Nxc3 12. bxc3 Qc7 13. Rb1 Bd6 14. Nf3 Re8
15. Nd2 e5 16. e4 exd4 17. cxd4 Be6 18. Qxb7 Rab8 19. Qxc7 Bxc7 20. a3 Bb6 21.
Bb2 Rbd8 22. e5 Nd5 23. Rbc1 Rc8 24. Ne4 Ne7 25. Nd6 Red8 26. Nxc8 Rxc8 27. a4
Bd7 28. Ba3 Nf5 29. Bc5 Nxd4 30. Bxd4 Bxd4 31. Rfe1 Kf8 32. Kf1 c5 33. a5 c4 34.
Rcd1 Bc3 35. Rxd7 Bxe1 36. Kxe1 c3 37. Kd1 Rc5 38. Rxa7 Rxe5 39. a6 Rb5 40. Rc7
1-0

[Event "AUTO-ADV-2584"]
[Site "http://www.queenalice.com/game.php?id=1091240"]
[Date "2012.8.7"]
[Round "1"]
[White "clovis"]
[Black "d2d4"]
[Result "0-1"]
[WhiteElo "1973"]
[BlackElo "1867"]

1. e4 d6 2. d4 Nf6 3. Nc3 g6 4. Bg5 Bg7 5. f3 O-O 6. Qd2 c5 7. dxc5 dxc5 8.
O-O-O Qxd2+ 9. Rxd2 Nc6 10. Bb5 h6 11. Bh4 g5 12. Bg3 Nd4 13. Nge2 a6 14. Bc4 b5
15. Bd5 Nxd5 16. Nxd5 Nxe2+ 17. Rxe2 Ra7 18. Nxe7+ Rxe7 19. Bd6 Rfe8 20. Bxe7
Rxe7 21. Rd1 Be6 22. Rd6 Ra7 23. Red2 Be5 24. Rc6 c4 25. g3 Kg7 26. Rf2 Bd7 27.
Rb6 Bd4 0-1

[Event "AUTO-ADV-2584"]
[Site "http://www.queenalice.com/game.php?id=1091241"]
[Date "2012.8.7"]
[Round "1"]
[White "d2d4"]
[Black "clovis"]
[Result "1-0"]
[WhiteElo "1898"]
[BlackElo "1856"]

1. Nf3 d5 2. d4 Nf6 3. c4 c6 4. e3 e6 5. Nc3 Nbd7 6. Bd3 Bb4 7. O-O O-O 8. Qc2
dxc4 9. Bxc4 Qe7 10. a3 Bd6 11. e4 e5 12. Bg5 exd4 13. Nxd4 Bxh2+ 14. Kh1 Be5
15. Nf5 Qc5 16. Bd3 Bxc3 17. bxc3 Ne5 18. Be3 Qa5 19. Be2 Bxf5 20. exf5 Qc7 21.
g3 Rad8 22. Kg2 Rfe8 23. Rfb1 Qd7 24. Rd1 Qc7 25. Rab1 c5 26. Qa4 a6 27. Rxd8
Rxd8 28. Bf4 b5 29. Qxa6 h6 30. Qxb5 Kh7 31. Qb6 Qxb6 32. Rxb6 Nd3 33. Bc7 Rd7
34. Rc6 Ne4 35. Bb6 Ndxf2 36. Bxc5 Rd2 37. Kf3 Nxc5 38. Rxc5 Nd3 39. Bxd3 Rxd3+
40. Kf4 g5+ 41. fxg6+ fxg6 42. Rc7+ Kg8 43. a4 g5+ 44. Kg4 Rd5 45. Rc4 Ra5 46.
Kh5 Kg7 47. Rb4 Rc5 48. c4 Rc7 49. a5 Rc5 50. Ra4 Kf6 51. a6 1-0

[Event "Challenge"]
[Site "http://www.queenalice.com/game.php?id=1103563"]
[Date "2012.9.16"]
[Round "-"]
[White "filomenos"]
[Black "d2d4"]
[Result "0-1"]
[WhiteElo "1858"]
[BlackElo "1926"]

1. d4 Nf6 2. g3 c5 3. c3 cxd4 4. Qxd4 Nc6 5. Qd1 e6 6. Bg5 Be7 7. Bg2 O-O 8. Nf3
h6 9. Bxf6 Bxf6 10. O-O d5 11. Nbd2 Qb6 12. Qc2 Bd7 13. e4 Rac8 14. exd5 exd5
15. Nb3 a5 16. Rad1 Be6 17. Nbd4 Nxd4 18. Nxd4 Bxd4 19. Rxd4 Qxd4 0-1

[Event "Challenge"]
[Site "http://www.queenalice.com/game.php?id=1103579"]
[Date "2012.9.16"]
[Round "-"]
[White "d2d4"]
[Black "filomenos"]
[Result "1-0"]
[WhiteElo "1912"]
[BlackElo "1872"]

1. Nf3 d5 2. d4 g6 3. Bf4 Bg7 4. e3 Bg4 5. h3 Bxf3 6. Qxf3 c6 7. Nd2 Nf6 8. Bd3
O-O 9. O-O-O Nbd7 10. g4 Nb6 11. h4 Qd7 12. Rdg1 Qc8 13. h5 Qe6 14. hxg6 fxg6
15. Qh3 Kf7 16. Nf3 Ne4 17. Bxe4 Qxe4 18. Ng5+ 1-0